| 000 | 01325pam a22003134a 4500 | ||
|---|---|---|---|
| 001 | 739735 | ||
| 005 | 20040618121915.0 | ||
| 008 | 990107s1999 nyua 001 0 eng | ||
| 010 | _a 99010248 | ||
| 020 | _a0471331201 (alk. paper) | ||
| 040 |
_aDLC _cDLC _dDLC |
||
| 042 | _apcc | ||
| 050 | 0 | 0 |
_aHG4515.95 _b.F36 1999 |
| 100 | 1 |
_aFarrell, Christopher A., _d1973- |
|
| 245 | 1 | 0 |
_aDay trade online / _cChristopher A. Farrell. |
| 260 |
_aNew York : _bJohn Wiley, _cc1999. |
||
| 300 |
_axiv, 240 p. : _bill. ; _c24 cm. |
||
| 500 | _aIncludes index. | ||
| 650 | 0 | _aElectronic trading of securities. | |
| 650 | 0 | _aDay trading (securities) | |
| 856 | 4 | 2 |
_3Contributor biographical information _uhttp://www.loc.gov/catdir/bios/wiley041/99010248.html |
| 856 | 4 | 2 |
_3Publisher description _uhttp://www.loc.gov/catdir/description/wiley032/99010248.html |
| 856 | 4 |
_3Table of Contents _uhttp://www.loc.gov/catdir/toc/onix03/99010248.html |
|
| 906 |
_a7 _bcbc _corignew _d1 _eocip _f19 _gy-gencatlg |
||
| 942 |
_2lcc _cBK |
||
| 999 |
_c36882 _d36882 |
||